000 01399nam a2200349 a 4500
001 ebr10671105
003 CaPaEBR
006 m u
007 cr cn|||||||||
008 110422s2011 nyua sb 001 0 eng d
010 _z 2011017283
020 _z9781613246900 (pbk.)
020 _z9781613248355 (e-book)
040 _aCaPaEBR
_cCaPaEBR
035 _a(OCoLC)776163424
043 _an-us---
050 1 4 _aJK529
_b.E438 2011eb
082 0 4 _a324.6/3
_222
245 0 4 _aThe electoral college
_h[electronic resource] :
_ban analysis /
_cRobert T. Miller, editor.
260 _aHauppauge, N.Y. :
_bNova Science Publishers,
_cc2011.
300 _aix, 114 p. :
_bill.
490 1 _aAmerican political, economic, and security issues
504 _aIncludes bibliographical references and index.
533 _aElectronic reproduction.
_bPalo Alto, Calif. :
_cebrary,
_d2013.
_nAvailable via World Wide Web.
_nAccess may be limited to ebrary affiliated libraries.
650 0 _aElectoral college
_zUnited States.
650 0 _aPresidents
_zUnited States
_xElection.
655 7 _aElectronic books.
_2local
700 1 _aMiller, Robert T.,
_d1949-
710 2 _aebrary, Inc.
830 0 _aAmerican political, economic, and security issues series.
856 4 0 _uhttp://site.ebrary.com/lib/rucke/Doc?id=10671105
_zAn electronic book accessible through the World Wide Web; click to view
999 _c162217
_d162217